| 000 | 003270000a22000970004500 | ||
|---|---|---|---|
| 100 | 1 | _aDudney, Sheila | |
| 245 | 1 | 0 | _aWhaen christian wasn't cool : A Costa Rican teenager bucks peer pressure with surprising results |
| 300 | _aVol. 73, Num 2 (Abril-Junio, 1993), Páginas 20-21 | ||
| 773 | 0 | _tLatin America Evangelist | |
| 942 | _cANA | ||
| 999 |
_c54724 _d54724 |
||